| 000 | 00902nam a2200265Ia 4500 | ||
|---|---|---|---|
| 003 | OSt | ||
| 005 | 20220926004628.0 | ||
| 006 | a|||||r|||| 00| 0 | ||
| 007 | ta | ||
| 008 | 220923b |||||||| |||| 00| 0 eng d | ||
| 020 |
_a0415424127 _c675.75 |
||
| 037 |
_b354, 19/03/2008, Bharatiya Sahitya Bhavana _cGeneral Book |
||
| 040 |
_aRTL _cRTL _beng |
||
| 041 |
_2eng _aeng |
||
| 082 | _aY:45153.2.P, P7 | ||
| 100 |
_aVisaria Leela Ed. _9289868 |
||
| 245 | 0 |
_aAbortion in India _b Ground realities |
|
| 260 |
_a New Delhi _bRoutledge Press _c2007 |
||
| 300 |
_axviii, 352p _ccm. |
||
| 500 | _aBibliography chapterwise | ||
| 650 |
_aSociology Abortion _9309037 |
||
| 700 |
_a Ramachandran Vimala Ed. _9309038 |
||
| 942 |
_hY:45153.2.P, P7 _cGB _2CC |
||
| 999 |
_c611830 _d611830 |
||